[Event "36th ECC Open 2021"]
[Site "Struga MKD"]
[Date "2021.09.21"]
[Round "4.6"]
[Board "2"]
[White "Sos Andreu, Eric"]
[Black "Tari, Aryan"]
[Result "0-1"]
[WhiteTitle "IM"]
[BlackTitle "GM"]
[WhiteElo "2355"]
[BlackElo "2642"]
[WhiteTeam "Andreu Paterna"]
[BlackTeam "Offerspill Chess Club"]
[WhiteFideId "22247017"]
[BlackFideId "1510045"]
[EventDate "2021.09.18"]
[EventType "team"]

1. d4 d5 2. c4 e6 3. Nf3 Nf6 4. g3 Bd6 5. Bg2 O-O 6. O-O h6 7. b3 b6 8. Bb2 Bb7
9. Nc3 Re8 10. Rc1 a6 11. Nd2 Bf8 12. e4 c5 13. exd5 cxd4 14. Nce4 Nxd5 15. cxd5
exd5 16. Re1 Nc6 17. Nb1 dxe4 18. Rxe4 Rc8 19. Nd2 Qd7 20. Nc4 Bc5 21. Qh5 Nb4
22. Rxe8+ Rxe8 23. Bxb7 Qxb7 24. Rd1 Qe4 25. Bxd4 g6 26. Qxh6 Bxd4 27. Nd6 Bxf2+
28. Kxf2 Qe2+ 0-1

[Event "36th ECC Open 2021"]
[Site "Struga MKD"]
[Date "2021.09.21"]
[Round "4.6"]
[Board "3"]
[White "Christiansen, Johan-Sebastian"]
[Black "Pallardo Lozoya, Jose Vicente"]
[Result "1-0"]
[WhiteTitle "GM"]
[BlackTitle "IM"]
[WhiteElo "2609"]
[BlackElo "2357"]
[WhiteTeam "Offerspill Chess Club"]
[BlackTeam "Andreu Paterna"]
[WhiteFideId "1512668"]
[BlackFideId "2230380"]
[EventDate "2021.09.18"]
[EventType "team"]

1. e4 c6 2. d4 d5 3. e5 Bf5 4. g4 Bd7 5. Nc3 e6 6. Be3 Qb6 7. Na4 Qc7 8. f4 b6
9. Nf3 h5 10. gxh5 Rxh5 11. Bf2 Rh8 12. Qd2 Nh6 13. Nc3 c5 14. Nd1 cxd4 15. Nxd4
Nc6 16. c3 a6 17. Be2 Be7 18. Rg1 g6 19. Ne3 b5 20. a3 Rc8 21. Bd3 Nxd4 22. cxd4
Qb6 23. Kf1 a5 24. Kg2 Kf8 25. Kh1 Kg7 26. Rg2 b4 27. f5 exf5 28. Nxd5 Qe6 29.
Nf4 Qb3 30. e6 Bc6 31. d5 Bxd5 32. Bd4+ f6 33. Kg1 Bxg2 34. Qxg2 Ng4 35. h3 Rcd8
36. Qb7 Rxd4 37. Qxe7+ Kh6 38. hxg4 Rxf4 39. Qxf6 Rxg4+ 40. Kf2 Qd5 41. Rh1+ 1-0

[Event "36th ECC Open 2021"]
[Site "Struga MKD"]
[Date "2021.09.21"]
[Round "4.7"]
[Board "1"]
[White "Westerberg, Jonathan"]
[Black "Donchenko, Alexander"]
[Result "0-1"]
[WhiteTitle "GM"]
[BlackTitle "GM"]
[WhiteElo "2526"]
[BlackElo "2641"]
[WhiteTeam "Stocholms SS"]
[BlackTeam "Skakfelag Selfoss"]
[WhiteFideId "1701754"]
[BlackFideId "24603295"]
[EventDate "2021.09.18"]
[EventType "team"]

1. e4 e5 2. Nf3 Nc6 3. Bc4 Bc5 4. c3 Nf6 5. d4 exd4 6. cxd4 Bb4+ 7. Bd2 Nxe4 8.
Bxb4 Nxb4 9. Bxf7+ Kxf7 10. Qb3+ Kf8 11. Qxb4+ Qe7 12. Qxe7+ Kxe7 13. O-O Kd8
14. Re1 Nf6 15. Nc3 d6 16. Ng5 Rf8 17. f3 h6 18. Ne6+ Bxe6 19. Rxe6 Kd7 20. Rae1
Rae8 21. Rxe8 Nxe8 22. Kf2 c6 23. Ke3 Nc7 24. Kd2 b5 25. a3 a5 26. Rf1 a4 27.
Kd3 Na8 28. f4 Nb6 29. Rf3 Re8 30. f5 Re7 31. h3 d5 32. f6 gxf6 33. Rxf6 Nc4 34.
Kc2 h5 35. Rg6 Rf7 36. Nd1 Rf4 37. Kd3 Re4 38. Rg7+ Kd6 39. Rg6+ Kc7 40. Rg7+
Kc8 41. Rg8+ Kd7 42. Rg7+ Ke8 43. Rg6 c5 44. Rg8+ Kf7 45. Rc8 cxd4 46. Rc5 Ke6
47. Rxb5 Re1 48. Kc2 d3+ 49. Kc1 d4 50. Rxh5 Ne3 51. Kd2 Rxd1# 0-1

[Event "36th ECC Open 2021"]
[Site "Struga MKD"]
[Date "2021.09.21"]
[Round "4.7"]
[Board "2"]
[White "Demchenko, Anton"]
[Black "Seo, Jung Min"]
[Result "1-0"]
[WhiteTitle "GM"]
[BlackTitle "IM"]
[WhiteElo "2610"]
[BlackElo "2469"]
[WhiteTeam "Skakfelag Selfoss"]
[BlackTeam "Stocholms SS"]
[WhiteFideId "4160258"]
[BlackFideId "1734687"]
[EventDate "2021.09.18"]
[EventType "team"]

1. e4 c6 2. d4 d5 3. e5 c5 4. dxc5 e6 5. Nf3 Nd7 6. c4 Bxc5 7. cxd5 exd5 8. Bd3
Ne7 9. O-O Nf8 10. Bg5 h6 11. Bxe7 Bxe7 12. Bb5+ Nd7 13. Qxd5 O-O 14. Nc3 Nc5
15. b4 Ne6 16. Qe4 Ng5 17. Nxg5 Bxg5 18. Rad1 Qb6 19. Rd6 Qc7 20. Nd5 Qb8 21.
Bd3 g6 22. Rxg6+ fxg6 23. Qxg6+ Kh8 24. Qh7# 1-0

[Event "36th ECC Open 2021"]
[Site "Struga MKD"]
[Date "2021.09.21"]
[Round "4.8"]
[Board "2"]
[White "Sulypa, Oleksandr"]
[Black "Nikolovski, Nikola"]
[Result "1-0"]
[WhiteTitle "GM"]
[BlackTitle "IM"]
[WhiteElo "2455"]
[BlackElo "2409"]
[WhiteTeam "Reykjavik"]
[BlackTeam "Gambit Asseko SEE"]
[WhiteFideId "14100487"]
[BlackFideId "15002314"]
[EventDate "2021.09.18"]
[EventType "team"]

1. c4 e5 2. Nc3 d6 3. Nf3 f5 4. d4 e4 5. Ng5 Be7 6. h4 Nf6 7. Nh3 O-O 8. Bg5 c6
9. e3 Na6 10. Nf4 Nc7 11. Qb3 h6 12. Bxf6 Bxf6 13. h5 Ne6 14. Ng6 Rf7 15. O-O-O
Nf8 16. Nf4 Ne6 17. Ng6 Nf8 18. Nf4 Ne6 19. g3 Nxf4 20. gxf4 Kh8 21. Kb1 Re7 22.
Bh3 Qe8 23. Bf1 Be6 24. Qa3 Rd7 25. Be2 Bg8 26. Qa5 Bh7 27. Qa3 b6 28. Qa6 Bg8
29. Rc1 Rc7 30. Qa3 Qd8 31. d5 c5 32. Nb5 Rd7 33. Qa6 Qf8 34. Bd1 Bf7 35. Ba4
Qe7 36. Na3 Rdd8 37. Bc6 Rab8 38. Nb5 Qf8 39. Qxa7 Bg8 40. Rcd1 Bf7 41. Qc7 Bg8
42. a3 Bf7 43. Bd7 Ra8 44. Bc6 Rab8 45. Kc2 Bg8 46. Bd7 Ra8 47. Bc6 Rab8 48. Kc1
Bf7 49. Rd2 Bg8 50. Bd7 Ra8 51. Be6 Qe8 52. Bxf5 Ra4 53. b3 Ra5 54. a4 Qf8 55.
Bd7 g5 56. hxg6 Bg7 57. Kd1 Qf6 58. Ke2 Raa8 59. Be6 Qxg6 60. Qe7 Bf6 61. Qc7
Bxe6 62. dxe6 Qg4+ 63. Kf1 Bh4 64. Nxd6 Rac8 65. Qb7 Rb8 66. Qxe4 Rg8 67. Nf7+
Kg7 68. Rg1 1-0

[Event "36th ECC Open 2021"]
[Site "Struga MKD"]
[Date "2021.09.21"]
[Round "4.10"]
[Board "1"]
[White "Saraci, Nderim"]
[Black "Indjic, Aleksandar"]
[Result "1/2-1/2"]
[WhiteTitle "IM"]
[BlackTitle "GM"]
[WhiteElo "2466"]
[BlackElo "2629"]
[WhiteTeam "Drejtesia"]
[BlackTeam "Sloven Ruma"]
[WhiteFideId "6351921"]
[BlackFideId "911925"]
[EventDate "2021.09.18"]
[EventType "team"]

1. Nf3 Nf6 2. c4 e6 3. g3 b6 4. Bg2 Bb7 5. O-O c5 6. Nc3 a6 7. b3 d6 8. d4 cxd4
9. Qxd4 Nbd7 10. Bb2 Be7 11. Rfd1 O-O 12. Rac1 Nc5 13. b4 Nce4 14. Nxe4 Bxe4 15.
Qe3 Bc6 16. Nd4 Bxg2 17. Kxg2 Qd7 18. Qf3 Rfc8 19. c5 bxc5 20. bxc5 dxc5 21. Nf5
Qe8 22. Bxf6 exf5 23. Bxe7 Qxe7 24. Rd5 Rab8 25. Qxf5 g6 26. Rd7 Qe8 27. Qd5 Rd8
28. Rxd8 Rxd8 29. Qxc5 Qxe2 30. Qc4 Qxc4 1/2-1/2

[Event "36th ECC Open 2021"]
[Site "Struga MKD"]
[Date "2021.09.21"]
[Round "4.10"]
[Board "3"]
[White "Bajraktari, Perparim"]
[Black "Miladinovic, Igor"]
[Result "0-1"]
[BlackTitle "GM"]
[WhiteElo "2196"]
[BlackElo "2536"]
[WhiteTeam "Drejtesia"]
[BlackTeam "Sloven Ruma"]
[WhiteFideId "1307711"]
[BlackFideId "4203380"]
[EventDate "2021.09.18"]
[EventType "team"]

1. c4 e5 2. Nc3 Nc6 3. g3 g6 4. Bg2 Bg7 5. d3 d6 6. Rb1 a5 7. a3 Nf6 8. Nf3 O-O
9. O-O Re8 10. b4 axb4 11. axb4 Nd4 12. Nd2 c6 13. b5 d5 14. e3 Ne6 15. Nb3 h5
16. cxd5 cxd5 17. e4 d4 18. Nd5 Nxd5 19. exd5 Nc7 20. Nc5 Nxd5 21. Qb3 Nc3 22.
Bd2 Nxb1 23. Rxb1 Qb6 24. Bd5 Re7 25. Na4 Qf6 26. h4 Bf5 27. Bg5 Qd6 28. Bxe7
Qxe7 29. Rc1 e4 30. dxe4 Bxe4 31. Bxe4 Qxe4 32. Rc7 Qf5 33. Nc5 Ra1+ 34. Kg2 Rc1
35. Ne6 Qe4+ 0-1

[Event "36th ECC Open 2021"]
[Site "Struga MKD"]
[Date "2021.09.21"]
[Round "4.11"]
[Board "1"]
[White "Elsness, Frode"]
[Black "Heimann, Andreas"]
[Result "1/2-1/2"]
[WhiteTitle "IM"]
[BlackTitle "GM"]
[WhiteElo "2467"]
[BlackElo "2587"]
[WhiteTeam "Baerum Schakselskap"]
[BlackTeam "Schachgesellschaft Riehen"]
[WhiteFideId "1501100"]
[BlackFideId "24624632"]
[EventDate "2021.09.18"]
[EventType "team"]

1. d4 Nf6 2. c4 e6 3. g3 d5 4. Bg2 dxc4 5. Nf3 c5 6. O-O Nc6 7. dxc5 Qxd1 8.
Rxd1 Bxc5 9. Nbd2 c3 10. bxc3 O-O 11. Nb3 Be7 12. Nfd4 Nxd4 13. cxd4 Nd5 14. Bd2
f5 15. Rac1 b6 16. Rc6 Rf7 17. f3 Bd7 18. Rc2 Bb4 19. e4 Bxd2 20. Rdxd2 Ne3 21.
Rc3 Nxg2 22. Kxg2 fxe4 23. fxe4 Raf8 24. d5 e5 25. h3 g5 26. Nc1 g4 27. h4 1/2-1/2

[Event "36th ECC Open 2021"]
[Site "Struga MKD"]
[Date "2021.09.21"]
[Round "4.11"]
[Board "2"]
[White "Cvitan, Ognjen"]
[Black "Mihajlov, Sebastian"]
[Result "1/2-1/2"]
[WhiteTitle "GM"]
[BlackTitle "IM"]
[WhiteElo "2470"]
[BlackElo "2381"]
[WhiteTeam "Schachgesellschaft Riehen"]
[BlackTeam "Baerum Schakselskap"]
[WhiteFideId "14500086"]
[BlackFideId "1512110"]
[EventDate "2021.09.18"]
[EventType "team"]

1. c4 c6 2. d4 Nf6 3. Nc3 d5 4. Nf3 e6 5. e3 Nbd7 6. Bd3 dxc4 7. Bxc4 b5 8. Bd3
Bb7 9. e4 b4 10. Na4 c5 11. e5 Nd5 12. O-O cxd4 13. Re1 Bc5 14. Nxc5 Nxc5 15.
Bb5+ Kf8 16. Qxd4 Qb6 17. Bc4 Rd8 18. Qh4 h6 19. Bxd5 Rxd5 20. Be3 Qa5 21. Nd2
Nd3 1/2-1/2

[Event "36th ECC Open 2021"]
[Site "Struga MKD"]
[Date "2021.09.21"]
[Round "4.11"]
[Board "3"]
[White "Mihajlov, Svetoslav"]
[Black "Breder, Dennis"]
[Result "0-1"]
[WhiteTitle "CM"]
[BlackTitle "IM"]
[WhiteElo "2167"]
[BlackElo "2463"]
[WhiteTeam "Baerum Schakselskap"]
[BlackTeam "Schachgesellschaft Riehen"]
[WhiteFideId "1507168"]
[BlackFideId "4636945"]
[EventDate "2021.09.18"]
[EventType "team"]

1. c4 c5 2. Nc3 g6 3. g3 Bg7 4. Bg2 Nc6 5. d3 e6 6. e4 Nge7 7. Nge2 d6 8. O-O
O-O 9. Be3 Nd4 10. Qd2 Rb8 11. Bh6 Nec6 12. Bxg7 Kxg7 13. Nxd4 Nxd4 14. Rae1 Bd7
15. f4 f6 16. Ne2 Nc6 17. Kh1 e5 18. f5 g5 19. h4 h6 20. Bf3 b5 21. b3 Be8 22.
hxg5 hxg5 23. Kg2 bxc4 24. dxc4 Nd4 25. Rh1 Bc6 26. Nc3 Qd7 27. Bg4 Qb7 28. Rh5
Rh8 29. Nd5 Bxd5 30. exd5 Rxh5 31. Bxh5 Nxf5 32. Qd3 Qd7 33. Rf1 Rh8 34. Bg4
Nh4+ 35. Kh3 f5 0-1

[Event "36th ECC Open 2021"]
[Site "Struga MKD"]
[Date "2021.09.21"]
[Round "4.11"]
[Board "4"]
[White "Brunner, Nicolas"]
[Black "Lobersli, Henrik Oie"]
[Result "1-0"]
[WhiteTitle "IM"]
[WhiteElo "2425"]
[BlackElo "1987"]
[WhiteTeam "Schachgesellschaft Riehen"]
[BlackTeam "Baerum Schakselskap"]
[WhiteFideId "620246"]
[BlackFideId "1511947"]
[EventDate "2021.09.18"]
[EventType "team"]

1. d4 d5 2. c4 e6 3. Nf3 Nf6 4. Nc3 Nbd7 5. Bg5 Bb4 6. e3 c5 7. cxd5 exd5 8. Bd3
Qa5 9. Qc2 c4 10. Bf5 O-O 11. O-O Re8 12. Nd2 g6 13. Bxd7 Nxd7 14. h4 Nb6 15. f3
Bd7 16. e4 Bxc3 17. bxc3 Na4 18. Rac1 Re6 19. exd5 Qxd5 20. Ne4 Kg7 21. Qd2 f5
22. Bh6+ Kg8 23. Ng5 Re7 24. Rfe1 Rae8 25. Rxe7 Rxe7 26. Re1 Rxe1+ 27. Qxe1 Qd6
28. Qe3 Nb6 29. Qe2 Qf6 30. Nh3 Qe6 31. Qd2 Nd5 32. Nf4 Qe3+ 33. Qxe3 Nxe3 34.
Nxg6 hxg6 35. Bxe3 Bc6 36. Kf2 Kf7 37. Kg3 Bd5 38. Kf4 Kf6 39. Bc1 Bc6 40. Ba3
b5 41. Bc5 a6 42. Bb6 Bd5 43. a3 Bc6 44. Ba5 Bd5 45. Bd8+ Ke6 46. Kg5 Kf7 47. h5
gxh5 48. Kxf5 1-0

[Event "36th ECC Open 2021"]
[Site "Struga MKD"]
[Date "2021.09.21"]
[Round "4.11"]
[Board "5"]
[White "Darnell, Anton"]
[Black "Haag, Gregor"]
[Result "0-1"]
[WhiteElo "2006"]
[BlackElo "2370"]
[WhiteTeam "Baerum Schakselskap"]
[BlackTeam "Schachgesellschaft Riehen"]
[WhiteFideId "1720244"]
[BlackFideId "24680931"]
[EventDate "2021.09.18"]
[EventType "team"]

1. d4 Nf6 2. c4 g6 3. Nc3 d5 4. cxd5 Nxd5 5. e4 Nxc3 6. bxc3 Bg7 7. Bc4 c5 8.
Ne2 O-O 9. O-O Nc6 10. Be3 Bg4 11. f3 Bd7 12. Rb1 Qc7 13. Qd2 Rad8 14. d5 Ne5
15. Bb3 Bb5 16. Rfe1 e6 17. Nf4 Nc4 18. Bxc4 Bxc4 19. Qb2 Be5 20. g3 b6 21. Rbd1
Qe7 22. Nd3 Bg7 23. Qc2 exd5 24. exd5 Qf6 25. Nf4 Qxc3 26. Qa4 Qb4 27. Qxb4 cxb4
28. Bd4 Bxa2 29. Bxg7 Kxg7 30. d6 Rd7 31. Rd2 b3 32. Re7 Rxe7 33. dxe7 Re8 34.
Re2 Rxe7 35. Rxe7 b2 0-1

[Event "36th ECC Open 2021"]
[Site "Struga MKD"]
[Date "2021.09.21"]
[Round "4.11"]
[Board "6"]
[White "Heinz, Timothee"]
[Black "Hestvik, Elias"]
[Result "1-0"]
[WhiteTitle "FM"]
[WhiteElo "2394"]
[BlackElo "1860"]
[WhiteTeam "Schachgesellschaft Riehen"]
[BlackTeam "Baerum Schakselskap"]
[WhiteFideId "623369"]
[BlackFideId "1534904"]
[EventDate "2021.09.18"]
[EventType "team"]

1. c4 e6 2. Nf3 Nf6 3. b3 d5 4. e3 Be7 5. Bb2 O-O 6. Nc3 Nbd7 7. Qc2 b6 8. cxd5
exd5 9. Nd4 Bb7 10. Bb5 c5 11. Nc6 Bxc6 12. Bxc6 d4 13. Nd5 Rc8 14. Nxf6+ Bxf6
15. Be4 dxe3 16. dxe3 Bxb2 17. Qxb2 Qh4 18. Bf5 Rcd8 19. Rd1 Nf6 20. O-O Qh5 21.
Bc2 Kh8 22. h3 Qe2 23. Qc1 Qh5 24. f4 Nd5 25. Be4 Nb4 26. a3 Na6 27. Bf3 Qg6 28.
Qc4 Nc7 29. b4 Qe6 30. Qxe6 Nxe6 31. f5 Ng5 32. Bd5 Rd6 33. bxc5 bxc5 34. Bb7
Rb6 35. Rd7 f6 36. Bd5 h6 37. h4 Nh7 38. Rxa7 Rc8 39. Be6 Rd8 40. Rf2 Nf8 41.
Ba2 Rbd6 42. Rb2 Nd7 43. Rbb7 Ne5 44. Rxg7 Nf3+ 45. Kf2 Rd2+ 46. Kxf3 Rxa2 47.
Rh7+ Kg8 48. Rxh6 c4 49. Rc7 Rc2 50. Rg6+ Kh8 51. Rxf6 c3 52. Rfc6 Rd3 53. Rb6
Rd8 54. Rb3 1-0

[Event "36th ECC Open 2021"]
[Site "Struga MKD"]
[Date "2021.09.21"]
[Round "4.12"]
[Board "1"]
[White "Jepson, Christian"]
[Black "Dardha, Daniel"]
[Result "0-1"]
[WhiteTitle "IM"]
[BlackTitle "IM"]
[WhiteElo "2407"]
[BlackElo "2521"]
[WhiteTeam "Nordkalotten"]
[BlackTeam "Schachfreunde Wirtzfeld"]
[WhiteFideId "1701185"]
[BlackFideId "240990"]
[EventDate "2021.09.18"]
[EventType "team"]

1. Nf3 Nf6 2. c4 b6 3. g3 Bb7 4. Bg2 g6 5. b3 Bg7 6. Bb2 O-O 7. O-O e6 8. d4 d5
9. cxd5 exd5 10. Nc3 Re8 11. Ne5 Nbd7 12. f4 c5 13. e3 cxd4 14. exd4 Ne4 15. Rc1
f6 16. Nd3 a6 17. f5 Nf8 18. Nf4 Qd7 19. Bh3 Qf7 20. Na4 b5 21. Nc5 Bh6 22. Rc2
Bxf4 23. Rxf4 Rad8 24. Ba3 Bc8 25. Nxe4 dxe4 26. Bxf8 g5 27. Rf1 Qxf8 28. Rc6 e3
29. Re1 Qb4 30. Bf1 Qd2 31. Be2 Rxd4 32. Rxf6 Qxd1 33. Bxd1 Kg7 34. Bh5 Re7 35.
Rc6 Bxf5 36. Rxa6 g4 37. Rb6 Rd5 38. Rb8 Bd7 0-1

[Event "36th ECC Open 2021"]
[Site "Struga MKD"]
[Date "2021.09.21"]
[Round "4.12"]
[Board "2"]
[White "Hera, Imre Jr."]
[Black "Kristensen, Kaare Hove"]
[Result "1-0"]
[WhiteTitle "GM"]
[BlackTitle "IM"]
[WhiteElo "2582"]
[BlackElo "2336"]
[WhiteTeam "Schachfreunde Wirtzfeld"]
[BlackTeam "Nordkalotten"]
[WhiteFideId "716855"]
[BlackFideId "1400940"]
[EventDate "2021.09.18"]
[EventType "team"]

1. Nf3 d5 2. g3 Nf6 3. Bg2 c5 4. O-O Nc6 5. d4 e6 6. c4 dxc4 7. Qa4 Bd7 8. Qxc4
b5 9. Qd3 Rc8 10. dxc5 Bxc5 11. Nc3 Nb4 12. Qd2 Qb6 13. Ne5 Rd8 14. a3 Nbd5 15.
Nxd5 Nxd5 16. b4 Bd4 17. Bb2 Bxb2 18. Qxb2 Bc8 19. Rfd1 Bb7 20. a4 O-O 21. a5
Qc7 22. Rac1 Qe7 23. Nd3 Nf6 24. f3 h6 25. e4 Rc8 26. Rxc8 Bxc8 27. Ne5 Rd8 28.
Rc1 Bb7 29. a6 Ba8 30. Qc3 Nd7 31. Qc7 Kf8 32. Rd1 Ke8 33. Bf1 Nxe5 34. Bxb5+
Nd7 35. Qxa7 Qxb4 36. Rxd7 Qxb5 37. Re7+ 1-0

[Event "36th ECC Open 2021"]
[Site "Struga MKD"]
[Date "2021.09.21"]
[Round "4.12"]
[Board "3"]
[White "Sylvan, Jacob"]
[Black "Roeder, Matthias"]
[Result "1/2-1/2"]
[WhiteTitle "IM"]
[BlackTitle "IM"]
[WhiteElo "2307"]
[BlackElo "2372"]
[WhiteTeam "Nordkalotten"]
[BlackTeam "Schachfreunde Wirtzfeld"]
[WhiteFideId "1402137"]
[BlackFideId "4600223"]
[EventDate "2021.09.18"]
[EventType "team"]

1. e4 c5 2. Nf3 d6 3. d4 cxd4 4. Nxd4 Nf6 5. Nc3 a6 6. Nb3 g6 7. Be2 h5 8. Be3
Nbd7 9. f4 Bg7 10. h3 Qc7 11. O-O b5 12. a4 b4 13. Nd5 Nxd5 14. exd5 Bxb2 15.
Rb1 Bf6 16. f5 Ne5 17. fxg6 fxg6 18. Nd4 Qc5 19. Nf5 Qc7 20. Nd4 Qc5 21. Nf5 Qc7
22. Ng3 a5 23. Ne4 Bf5 24. Bb5+ Kf7 25. Ng5+ Bxg5 26. Bxg5 Kg7 27. Rf2 Rac8 28.
Rc1 Qa7 29. Qd2 Rc3 30. Kh1 Be4 31. Qf4 Bf5 32. Qd2 Be4 33. Qf4 1/2-1/2

[Event "36th ECC Open 2021"]
[Site "Struga MKD"]
[Date "2021.09.21"]
[Round "4.12"]
[Board "4"]
[White "Boidman, Yuri"]
[Black "Hove, Esben Kjems"]
[Result "1-0"]
[WhiteTitle "IM"]
[BlackTitle "FM"]
[WhiteElo "2318"]
[BlackElo "2315"]
[WhiteTeam "Schachfreunde Wirtzfeld"]
[BlackTeam "Nordkalotten"]
[WhiteFideId "4643992"]
[BlackFideId "1401505"]
[EventDate "2021.09.18"]
[EventType "team"]

1. d4 d5 2. c4 c6 3. cxd5 cxd5 4. Nc3 Nf6 5. Bf4 Nc6 6. e3 a6 7. Bd3 e6 8. Rc1
Bd6 9. Bxd6 Qxd6 10. f4 O-O 11. Nf3 b5 12. Ne5 Ne7 13. O-O Bb7 14. Qf3 Rac8 15.
g4 Qb4 16. Qe2 Qd6 17. Qf3 Qb4 18. Qg2 Qd6 19. g5 Ne8 20. Qh3 g6 21. Qh6 Nf5 22.
Bxf5 exf5 23. Rf3 f6 24. Rh3 Rc7 25. gxf6 Rxf6 26. Ne2 Rxc1+ 27. Nxc1 Qc7 28.
Ncd3 Qg7 29. Qh4 Qe7 30. Kf1 Qg7 31. Qe1 Qc7 32. Nc5 Bc8 33. Rg3 Nd6 34. Rg2 Nc4
35. Ncd3 a5 36. Qc1 Qb6 37. Rc2 Qc7 38. Kg1 a4 39. b3 axb3 40. axb3 Qa5 41. bxc4
bxc4 42. Nc5 Rb6 43. Kg2 Kg7 44. Qd2 Qa1 45. Ra2 Qb1 46. Qc2 Qe1 47. Qf2 Qb1 48.
h4 c3 49. Ned3 Ba6 50. Qc2 Bxd3 51. Nxd3 Qxc2+ 52. Rxc2 Rb3 53. Kf2 Kf6 54. Ke2 1-0

[Event "36th ECC Open 2021"]
[Site "Struga MKD"]
[Date "2021.09.21"]
[Round "4.12"]
[Board "5"]
[White "Jakobsen, Peter"]
[Black "Hautot, Stephane"]
[Result "1/2-1/2"]
[WhiteTitle "FM"]
[BlackTitle "IM"]
[WhiteElo "2202"]
[BlackElo "2329"]
[WhiteTeam "Nordkalotten"]
[BlackTeam "Schachfreunde Wirtzfeld"]
[WhiteFideId "1401440"]
[BlackFideId "202282"]
[EventDate "2021.09.18"]
[EventType "team"]

1. c4 e6 2. d4 d5 3. Nc3 Nf6 4. Bg5 c6 5. e3 Nbd7 6. Nf3 Be7 7. Bd3 dxc4 8. Bxc4
b5 9. Bd3 Bb7 10. O-O O-O 11. a4 b4 12. Bxf6 Nxf6 13. Ne4 Nxe4 14. Bxe4 f5 15.
Bd3 c5 16. Bc4 Bxf3 17. Bxe6+ Kh8 18. Qxf3 cxd4 19. exd4 Qxd4 20. b3 Qf6 21. Bc4
Bc5 22. Rad1 Rad8 23. Rd5 Rxd5 24. Qxd5 Qd4 25. Qxd4 Bxd4 26. Re1 g6 27. h3 Rd8
28. g3 Bb6 29. Kg2 Rd2 30. Re2 Rxe2 31. Bxe2 1/2-1/2

[Event "36th ECC Open 2021"]
[Site "Struga MKD"]
[Date "2021.09.21"]
[Round "4.12"]
[Board "6"]
[White "Dardha, Arben"]
[Black "Noer, Martin Stampe"]
[Result "1-0"]
[WhiteTitle "FM"]
[WhiteElo "2253"]
[BlackElo "1835"]
[WhiteTeam "Schachfreunde Wirtzfeld"]
[BlackTeam "Nordkalotten"]
[WhiteFideId "4700481"]
[BlackFideId "1412221"]
[EventDate "2021.09.18"]
[EventType "team"]

1. e4 c6 2. c4 d5 3. exd5 cxd5 4. cxd5 Nf6 5. Qa4+ Nbd7 6. Nc3 g6 7. Nf3 Bg7 8.
Bc4 O-O 9. d3 Nc5 10. Qa3 b6 11. Be3 Nb7 12. O-O Nd6 13. Rfe1 Bd7 14. Bf4 Nfe8
15. Ne5 b5 16. Bb3 a5 17. Qc5 Rc8 18. Nc6 Bxc6 19. dxc6 b4 20. Nd5 e6 21. Nb6
Rc7 22. Nd7 Rxd7 23. cxd7 Qxd7 24. Be5 Bxe5 25. Qxe5 a4 26. Bc4 Nf5 27. Bb5 Qa7
28. Bxe8 Rxe8 29. Rac1 Rd8 30. Rc7 Qd4 31. Qxd4 Rxd4 32. Rc4 Rxd3 33. Rxb4 Rd2
34. a3 Nd4 35. Rxa4 Nc2 36. Rb1 e5 37. Re4 Rd5 38. Rc4 Rd2 39. a4 f5 40. a5 e4
41. a6 e3 42. fxe3 Nxe3 43. a7 1-0

[Event "36th ECC Open 2021"]
[Site "Struga MKD"]
[Date "2021.09.21"]
[Round "4.13"]
[Board "1"]
[White "Schreiner, Peter"]
[Black "Atlas, Valery"]
[Result "1/2-1/2"]
[WhiteTitle "IM"]
[BlackTitle "IM"]
[WhiteElo "2440"]
[BlackElo "2426"]
[WhiteTeam "SV Raika Rapid Feffernitz"]
[BlackTeam "Perfect"]
[WhiteFideId "1621645"]
[BlackFideId "12000035"]
[EventDate "2021.09.18"]
[EventType "team"]

1. c4 Nf6 2. Nc3 c5 3. Nf3 b6 4. e3 g6 5. d4 Bg7 6. d5 O-O 7. e4 d6 8. h3 e5 9.
g4 a6 10. a4 Ne8 11. Bd3 Ra7 12. Be3 Rb7 13. Qe2 Bd7 14. Rg1 Nc7 15. h4 Qe8 16.
Nd2 f6 17. h5 g5 18. f3 Rf7 19. Kf2 Bf8 20. Rgb1 a5 21. Rh1 h6 22. Kg2 Nba6 23.
b3 Nb4 24. Nf1 Qd8 25. Ng3 Bc8 26. Bd2 Nca6 27. Nd1 Bd7 28. Ne3 Ra7 29. Ngf5 Kh7
30. Kg3 1/2-1/2

[Event "36th ECC Open 2021"]
[Site "Struga MKD"]
[Date "2021.09.21"]
[Round "4.13"]
[Board "2"]
[White "Korsunsky, Yuri"]
[Black "Diermair, Andreas"]
[Result "1/2-1/2"]
[WhiteTitle "IM"]
[BlackTitle "GM"]
[WhiteElo "2395"]
[BlackElo "2480"]
[WhiteTeam "Perfect"]
[BlackTeam "SV Raika Rapid Feffernitz"]
[WhiteFideId "14102722"]
[BlackFideId "1612468"]
[EventDate "2021.09.18"]
[EventType "team"]

1. e4 c6 2. d4 d5 3. exd5 cxd5 4. c4 Nf6 5. Nc3 e6 6. Nf3 Bb4 7. Bd3 dxc4 8.
Bxc4 O-O 9. O-O b6 10. Bg5 Bb7 11. Qe2 Bxc3 12. bxc3 Nbd7 13. Ne5 Rc8 14. Rac1
Rc7 15. Bb3 Qc8 16. c4 Ba6 17. Rfd1 Nxe5 18. dxe5 Nd5 19. Qh5 Bxc4 20. Bc2 g6
21. Qh6 f5 22. exf6 Qe8 23. Bd3 b5 24. Bxc4 bxc4 25. Rxc4 Rd7 26. Rcd4 Qf7 27.
Qh3 Rb7 28. Qh4 Rb2 29. Re1 Re8 30. Qh6 Rb7 31. Rde4 Rb6 32. Qh4 Rc8 33. Re5 Re8
34. Qa4 Rb4 35. Qa5 Rb6 36. R5e4 Qd7 37. Qa4 Qxa4 38. Rxa4 Rb7 39. Be3 Kf7 40.
Ra3 Nxe3 41. Raxe3 Kxf6 42. Ra3 1/2-1/2

[Event "36th ECC Open 2021"]
[Site "Struga MKD"]
[Date "2021.09.21"]
[Round "4.13"]
[Board "3"]
[White "Pacher, Simon"]
[Black "Gluhovsky, Mark"]
[Result "0-1"]
[WhiteElo "1992"]
[BlackElo "2275"]
[WhiteTeam "SV Raika Rapid Feffernitz"]
[BlackTeam "Perfect"]
[WhiteFideId "1621084"]
[BlackFideId "24165514"]
[EventDate "2021.09.18"]
[EventType "team"]

1. d4 Nf6 2. c4 g6 3. Nc3 Bg7 4. e4 d6 5. h3 O-O 6. Be3 e5 7. d5 Na6 8. Bd3 c6
9. Nge2 cxd5 10. cxd5 Nc5 11. Bc2 Ne8 12. g4 Bd7 13. Ng3 a5 14. h4 b5 15. f3 Rc8
16. Qd2 b4 17. Nd1 Nc7 18. Bxc5 dxc5 19. Ne3 Nb5 20. Bd3 Nd4 21. Kf2 Qf6 22. Qd1
c4 23. Bxc4 Rxc4 24. g5 Qa6 25. Nxc4 Qxc4 26. Qd2 f6 27. Rac1 Qa6 28. Ne2 fxg5
29. Nxd4 exd4 30. Qxg5 Qd3 31. Qg2 0-1